Geopolitics Redefined: (Record no. 196725)
[ view plain ]
| 000 -LEADER | |
|---|---|
| fixed length control field | 00704nam a22001937a 4500 |
| 005 - DATE AND TIME OF LATEST TRANSACTION | |
| control field | 20231205171715.0 |
| 010 ## - LCCN (DPL NO) | |
| LC control number | ENG-137523 |
| 020 ## - INTERNATIONAL STANDARD BOOK NUMBER | |
| Terms of availability | 395.00 |
| International Standard Book Number | 9789392080630 |
| 035 ## - SYSTEM CONTROL NUMBER | |
| System control number | EN-121055 |
| 037 ## - SOURCE OF ACQUISITION | |
| Source of stock number/acquisition | DBAD/PUB |
| 082 ## - DEWEY DECIMAL CLASSIFICATION NUMBER | |
| Classification number | 320.12 |
| 100 ## - MAIN ENTRY--PERSONAL NAME | |
| Personal name | Kapur, Pradeep |
| 245 ## - TITLE STATEMENT | |
| Title | Geopolitics Redefined: |
| Statement of responsibility, etc | By Pradeep Kapur...[et.al] |
| Remainder of title | Punctured Truths & Glamourised Lies/ |
| 260 ## - PUBLICATION, DISTRIBUTION, ETC. (IMPRINT) | |
| Place of publication, distribution, etc | Delhi |
| Name of publisher, distributor, etc | Kitab Mahal |
| Date of publication, distribution, etc | 2023 |
| 270 ## - ADDRESS | |
| Address | 4655/21, Ansari Road, Daryaganj |
| City | Delhi |
| Postal code | 110002 |
| 300 ## - PHYSICAL DESCRIPTION | |
| Extent | 342;p. |
| Dimensions | 22 cm(pbk) |
| 700 ## - ADDED ENTRY--PERSONAL NAME | |
| Personal name | Air Marshal Anil Chopra, Saptarishi Basu, Ankush Bhandari, Naleen Chandra, S. Mukherjee, Ankit Shah, K. Siddhartha |
| 9 (RLIN) | 57817 |
| 942 ## - ADDED ENTRY ELEMENTS (KOHA) | |
| Source of classification or shelving scheme | Dewey Decimal Classification |
| Item type | English Books |
| Classification part | 320.12 |
| Call number suffix | KAP |
| Withdrawn status | Lost status | Not for loan | Collection code | Home library | Current library | Date acquired | Source of acquisition | Cost, normal purchase price | Full call number | Barcode | Copy number | Cost, replacement price | Koha item type |
|---|---|---|---|---|---|---|---|---|---|---|---|---|---|
| Non-fiction | Vinoba Puri | Vinoba Puri | 21/07/2023 | DBAD/PUB | 395.00 | 320.12 KAP | EN-121055 | 1 | 395.00 | English Books |
